000 00721nac a22002171u 4500
010 _a013447479
020 _a9780415771054
028 _bwwww.lib.uk
082 _a337
_bC582
090 _c2174
_d2174
100 _acleaver, tony
245 _aunderstanding the world economy
_ctony cleaver
250 _a3rd ed.
260 _alondon , new york
_broutledge,2007
_c2007
300 _a270 p. ;
_c24 cm.
440 _aunderstanding the world economy
504 _aIncludes bibliographical references and index
600 _atony cleaver
942 _cBB
_k337C582
999 _c2174
_d2174